| 000 | 00671cab a2200241 4500 | ||
|---|---|---|---|
| 001 | A370 | ||
| 008 | 090401t1983 xxu||||| |||| 00| 0 eng d | ||
| 035 | _a(Sirsi) u28758 | ||
| 041 | _aeng | ||
| 100 | _aKorpacz, P. | ||
| 245 | _aChanging emphasis in appraisal techniques: the transition to discounted cashflow | ||
| 260 | _c1983 | ||
| 350 | _a0 | ||
| 490 |
_aJournal of Valuation _v(1983) 2JV |
||
| 520 | _aArticle first published in Appraisal Journal January 1983. | ||
| 650 | _aDISCOUNTED CASHFLOW | ||
| 650 | _aUNITED STATES | ||
| 650 | _aVALUATION METHODS | ||
| 690 | _aRATING AND VALUATION | ||
| 700 | _aRoth, M. | ||
| 942 | _n0 | ||
| 948 | _c04/03/1997 | ||
| 999 |
_c19339 _d19339 |
||